| 000 | 00519nam a22001457a 4500 | ||
|---|---|---|---|
| 005 | 20120412124229.0 | ||
| 020 |
_a8186030743 _c350.00 |
||
| 035 | _aA-944316 | ||
| 245 |
_aNationalism, regionalism and philosophy of National integration / _cedited by N. Malla |
||
| 260 |
_aNew Delhi _bRegency Publications _c1998 |
||
| 300 |
_aix, 213p. _c20 cms. |
||
| 700 |
_aMalla, N. _944993 |
||
| 942 |
_2ddc _cEN _h302 _mMAL |
||
| 999 |
_c64912 _d64912 |
||